Women in Joyce /

Bibliographic Details
Other Authors: Henke, Suzette A., Unkeless, Elaine, 1945-
Format: Book
Language:English
Published: Urbana : University of Illinois Press, [1982]
Subjects:

MARC

Tag First Indicator Second Indicator Subfields
LEADER 00000pam a2200000 a 4500
001 in00000069352
005 20151008053339.0
008 810505s1982 ilu b s00000 eng
010 |a  81004663  
020 |a 025200891X 
035 |a (OCoLC)07554085 
035 |9 AAH7122AM 
039 0 |a 2  |b 3  |c 3  |d 3  |e 3 
040 |a DLC  |c DLC  |d TXA  |d UtOrBLW 
049 |a TXAM  |c [1387763] 
050 0 0 |a PR6019 O9  |b  Z955 1982 
082 0 |a 823/.912 
245 0 0 |a Women in Joyce /  |c edited by Suzette Henke and Elaine Unkeless. 
264 1 |a Urbana :  |b University of Illinois Press,  |c [1982] 
264 4 |c ©1982 
300 |a xxii, 216 pages ;  |c 24 cm. 
336 |a text  |b txt  |2 rdacontent 
337 |a unmediated  |b n  |2 rdamedia 
338 |a volume  |b nc  |2 rdacarrier 
504 |a Includes bibliographical references. 
505 0 |a The woman hidden in James Joyce's Chamber Music / Robert Boyle -- Dubliners / Florence L. Walzl -- Emma Clery in Stephen Hero / Bonnie Kime Scott -- Stephen Dedalus and women / Suzette Henke -- Bertha's role in Exiles / Ruth Bauerle -- Gerty MacDowell / Suzette Henke -- The conventional Molly Bloom / Elaine Unkeless -- The genuine Christine / Shari Benstock -- Anna Livia Plurabelle / Margot Norris. 
600 1 0 |a Joyce, James,  |d 1882-1941  |x Characters  |x Women. 
650 0 |a Women in literature. 
700 1 |a Henke, Suzette A. 
700 1 |a Unkeless, Elaine,  |d 1945- 
999 |a MARS 
999 f f |s c42a9888-9a3d-3e38-a9c6-89a5263596b0  |i 1ae88c94-bcb5-3e82-9729-7f7c27e0712c  |t 0 
952 f f |p normal  |a Texas A&M University  |b College Station  |c Sterling C. Evans Library  |d Evans: Library Stacks  |t 0  |e PR6019 O9 Z955 1982  |h Library of Congress classification  |i unmediated -- volume  |m A14806049025 
998 f f |a PR6019 O9 Z955 1982  |t 0  |l Evans: Library Stacks